000 00267nam a22001217a 4500
008 170619b xxu||||| |||| 00| 0 eng d
041 _aeng
080 _a94
100 _a18
101 _aSHP
245 _aCIVILAZTION PAST PRESENT
_cWALLBANK.T.W
942 _2udc
_cBK
999 _c17995
_d17995